The implementation and the future of development plans (Record no. 6791)

MARC details
000 -LEADER
fixed length control field 01103cab a2200205 4500
001 - CONTROL NUMBER
control field ABS38450
008 - FIXED-LENGTH DATA ELEMENTS--GENERAL INFORMATION
fixed length control field 090401t1987 xxu||||| |||| 00| 0 eng d
035 ## - SYSTEM CONTROL NUMBER
System control number (Sirsi) u10700
041 ## - LANGUAGE CODE
Language code of text/sound track or separate title eng
100 ## - MAIN ENTRY--PERSONAL NAME
Personal name McConnell, R.S.
245 #4 - TITLE STATEMENT
Title The implementation and the future of development plans
260 ## - PUBLICATION, DISTRIBUTION, ETC.
Date of publication, distribution, etc. 1987
350 ## - PRICE (NR) (BK AM CF MU VM SE) [OBSOLETE]
Price 0
490 ## - SERIES STATEMENT
Series statement Land Development Studies
Volume/sequential designation 4 1987, 79-107(29)
520 ## - SUMMARY, ETC.
Summary, etc. Examines in detail criticisms of development plans and proposals for changes in the planning system from 1965 up to the present day. Considers such reports as the future of development plans by the Planning Advisory Group 1965, Implementation of planning policies and the role of development plans by Oxford Polytechnic , the Nuffield Foundation report Town and country planning, 1986 and the DOE consultation paper, The future of development plans. This article focuses mainly on the effectiveness of development plans, particularly its implementation and allocation of resources. References.
650 ## - SUBJECT ADDED ENTRY--TOPICAL TERM
Topical term or geographic name entry element PLANNING
690 ## - LOCAL SUBJECT ADDED ENTRY--TOPICAL TERM (OCLC, RLIN)
Topical term or geographic name as entry element PLANNING LAW AND PRACTICE
942 ## - ADDED ENTRY ELEMENTS (KOHA)
Suppress in OPAC 0
948 ## - LOCAL PROCESSING INFORMATION (OCLC); SERIES PART DESIGNATOR (RLIN)
c (OCLC) 04/03/1997
Holdings
Withdrawn status Lost status Source of classification or shelving scheme Damaged status Not for loan Home library Current library Shelving location Date acquired Total Checkouts Full call number Barcode Date last seen Copy number Price effective from Koha item type
    Dewey Decimal Classification     London London Journal article 14/09/1999   ABS38450 10700-1001 06/08/2019 1 06/08/2019 Journal article